00250nam a2200097Ia 4500008004100000082001400041100002600055245003900081260002000120600001200140241002s9999 xx 000 0 und d a921.5 ROU aRoussau, Jean Jacquer 4aThe Confessions of Jean J, Roussau aNew York:c1960 aHistory